| 000 | 00431nam a22001217a 4500 | ||
|---|---|---|---|
| 999 |
_c145 _d145 |
||
| 005 | 20200810111145.0 | ||
| 008 | 200810b ||||| |||| 00| 0 eng d | ||
| 020 | _a0567292983 | ||
| 040 | _cCML | ||
| 245 |
_aManuscripts and the Text of the New testament: An introduction for English Readers. _cElliott .K & Moir I |
||
| 260 |
_aScotland _bT & T Clark Edinburgh Ltd _c1995 |
||
| 942 |
_2ddc _cBK _e1st Edition _h225.04 _mELL |
||